[Event "Belgrade-chT Quality"]
[Site "Belgrade"]
[Date "2019.10.05"]
[Round "1.3"]
[White "Lozajic, Marko"]
[Black "Simonovic, Miroslav"]
[Result "1-0"]
[WhiteElo "2036"]
[BlackElo "2174"]
[PlyCount "77"]
[EventDate "2019.10.05"]
[EventType "team-tourn"]
[EventRounds "11"]
[EventCountry "SRB"]
[SourceTitle "EXT 2022"]
[Source "ChessBase"]
[SourceDate "2021.10.06"]
[SourceVersion "1"]
[SourceVersionDate "2021.10.06"]
[SourceQuality "1"]
[WhiteTeam "NBSK"]
[BlackTeam "Belgrade Politika"]
[WhiteTeamCountry "SRB"]
[BlackTeamCountry "SRB"]

1. e4 c5 2. Nc3 Nc6 3. f4 g6 4. Nf3 Bg7 5. Bb5 Nd4 6. 0-0 Nxb5 7. Nxb5 a6 8. Nc3 e6 9. f5 exf5 10. exf5 d5 11. Re1+ Ne7 12. fxg6 hxg6 13. Qe2 Bf6 14. d3 Rh5 15. Bf4 Be6 16. Qf2 Qb6 17. Rab1 Rf5 18. Qg3 0-0-0 19. Kh1 Rh5 20. Qf2 Qc6 21. d4 c4 22. b4 b5 23. a4 g5 24. axb5 axb5 25. Ne5 Qb7 26. Bg3 Nf5 27. Ra1 Nxg3+ 28. Qxg3 Bxe5 29. Rxe5 Rdh8 30. Ra5 Qe7 31. Nxd5 Rxh2+ 32. Qxh2 Rxh2+ 33. Kxh2 Qd6 34. Rxb5 g4 35. Nf6 Qxd4 36. Rec5+ Kd8 37. Rd5+ Bxd5 38. Rxd5+ Qxd5 39. Nxd5 1-0

[Event "SRB-ch U18"]
[Site "Kragujevac"]
[Date "2016.05.03"]
[Round "2"]
[White "Marjanovic, Ivan D"]
[Black "Lozajic, Marko"]
[Result "0-1"]
[WhiteElo "1986"]
[BlackElo "1963"]
[PlyCount "56"]
[EventDate "2016.05.02"]
[EventType "swiss"]
[EventRounds "9"]
[EventCountry "SRB"]
[SourceTitle "CBM 172 Extra"]
[Source "ChessBase"]
[SourceDate "2016.06.21"]
[SourceVersion "1"]
[SourceVersionDate "2016.06.21"]
[SourceQuality "1"]

1. e4 e6 2. d4 d5 3. exd5 exd5 4. Bd3 Bd6 5. Ne2 Nf6 6. 0-0 0-0 7. Bf4 Bg4 8. Bxd6 Qxd6 9. c3 Re8 10. Qc2 Nbd7 11. Ng3 c5 12. dxc5 Nxc5 13. h3 Bd7 14. Rd1 Qb6 15. Bf1 Nce4 16. Nxe4 dxe4 17. Nd2 e3 18. Nf3 Bc6 19. Nd4 Be4 20. Qb3 exf2+ 21. Kxf2 Qc7 22. Re1 Qh2 23. Nf3 Bxf3 24. Kxf3 Nh5 25. Rxe8+ Rxe8 26. Kf2 Nf6 27. Qb4 Ne4+ 28. Ke1 Qf4 0-1

[Event "SRB-ch U18"]
[Site "Kragujevac"]
[Date "2016.05.03"]
[Round "3"]
[White "Rajkovic, Mladen"]
[Black "Lozajic, Marko"]
[Result "1-0"]
[WhiteElo "2308"]
[BlackElo "1963"]
[PlyCount "63"]
[EventDate "2016.05.02"]
[EventType "swiss"]
[EventRounds "9"]
[EventCountry "SRB"]
[SourceTitle "CBM 172 Extra"]
[Source "ChessBase"]
[SourceDate "2016.06.21"]
[SourceVersion "1"]
[SourceVersionDate "2016.06.21"]
[SourceQuality "1"]

1. e4 e6 2. d4 d5 3. Nd2 Nf6 4. e5 Nfd7 5. f4 c5 6. Ngf3 Nc6 7. Nb3 c4 8. Nbd2 Qa5 9. Kf2 Be7 10. Be2 0-0 11. Re1 f6 12. Kg1 fxe5 13. fxe5 b5 14. Nf1 Qb6 15. Kh1 a5 16. Ng3 Bb7 17. c3 b4 18. Qd2 a4 19. Bd1 Qa5 20. a3 bxc3 21. bxc3 Qd8 22. Rb1 Bc8 23. Bc2 Ndb8 24. Nh5 Rf7 25. Qf2 Bd7 26. Qg3 Qf8 27. Kg1 Na5 28. Ng5 Bxg5 29. Qxg5 Nb3 30. Be3 Kh8 31. Qh4 Be8 32. Nf4 1-0

[Event "SRB-ch U16"]
[Site "Subotica"]
[Date "2014.04.20"]
[Round "5"]
[White "Radovic, Luka"]
[Black "Lozajic, Marko"]
[Result "1/2-1/2"]
[WhiteElo "2124"]
[BlackElo "1844"]
[PlyCount "84"]
[EventDate "2014.04.17"]
[EventType "swiss"]
[EventRounds "9"]
[EventCountry "SRB"]
[SourceTitle "CBM 160 Extra"]
[Source "ChessBase"]
[SourceDate "2014.07.01"]
[SourceVersion "1"]
[SourceVersionDate "2014.07.01"]
[SourceQuality "1"]

1. c4 e6 2. g3 d5 3. Bg2 Nf6 4. Nf3 Bd6 5. 0-0 0-0 6. d3 c6 7. Nc3 e5 8. cxd5 cxd5 9. Bg5 Be6 10. Nd2 Bb4 11. Bxf6 gxf6 12. a3 Bxc3 13. bxc3 Nc6 14. e3 Qa5 15. e4 d4 16. c4 b5 17. cxb5 Qxb5 18. Qe2 Ne7 19. f4 Kh8 20. Qf3 Ng8 21. Rf2 Rac8 22. Rb1 Qa6 23. Qh5 Rc5 24. fxe5 fxe5 25. Nf3 Qxd3 26. Rbf1 Qe3 27. Nxe5 Rc2 28. Qf3 Rxf2 29. Qxf2 f6 30. Nc6 Qxf2+ 31. Kxf2 d3 32. Rd1 Rc8 33. Nd4 Bc4 34. Bf1 Nh6 35. Bxd3 Ng4+ 36. Kg1 Bxd3 37. Rxd3 Rd8 38. Rd1 a5 39. h3 Ne5 40. Kf2 Nc4 41. Rd3 Ne5 42. Rd1 Nc4 1/2-1/2

[Event "SRB-ch U16"]
[Site "Subotica"]
[Date "2014.04.19"]
[Round "4"]
[White "Lozajic, Marko"]
[Black "Matovic, Mihajlo Z"]
[Result "1-0"]
[WhiteElo "1844"]
[BlackElo "2030"]
[PlyCount "73"]
[EventDate "2014.04.17"]
[EventType "swiss"]
[EventRounds "9"]
[EventCountry "SRB"]
[SourceTitle "CBM 160 Extra"]
[Source "ChessBase"]
[SourceDate "2014.07.01"]
[SourceVersion "1"]
[SourceVersionDate "2014.07.01"]
[SourceQuality "1"]

1. e4 c5 2. Nc3 Nc6 3. f4 g6 4. Nf3 Bg7 5. Bc4 e6 6. f5 Nge7 7. 0-0 gxf5 8. d3 d5 9. exf5 exf5 10. Bb3 Be6 11. Bf4 Ng6 12. Bg5 Qd7 13. Re1 0-0 14. h4 h6 15. h5 Nge5 16. Nxe5 Nxe5 17. Bxh6 Bxh6 18. Rxe5 d4 19. Nd5 Bg7 20. Qe1 Qd6 21. Rxf5 Bxf5 22. Ne7+ Kh8 23. Nxf5 Qf4 24. Qf2 Qxf2+ 25. Kxf2 Be5 26. Re1 f6 27. Bd5 Rab8 28. Kf3 Rfd8 29. Be4 Rg8 30. g4 b5 31. h6 a5 32. Rh1 Rg5 33. h7 Re8 34. Nh4 Kg7 35. Ng6 b4 36. h8Q+ Rxh8 37. Nxh8 1-0